Desarrollo de un Sistema de Información web para la gestión de registro académico en el Colegio Mi Redentor, Managua

Este estudio detalla la viabilidad, el análisis y diseño del desarrollo de un sistema de información para la gestión de registro académico en el colegio Mi Redentor, con el cual se pretende contribuir a la mejora de la gestión académica de este centro, reduciendo los tiempos de trabajo en sus...

Full description

Bibliographic Details
Main Authors: García Hernández, Maynor José, Palacios Vargas, Enrique José, Quintana Arancibia, Roger Antonio
Other Authors: Tutor: Herrera Treminio, Walger José
Format: Tesis Section = Libro
Language:Undetermined
Spanish
Published: Managua UNI 2016
Subjects:
LEADER 01273nam a2200277Ia 4500
008 240830s9999 xx 000 0 und d
040 |a BIBLIOTECA-RUPAP Mon 005.362 G216 
041 |a spa 
082 |a Mon 005.362 G216 
100 1 |a García Hernández, Maynor José 
100 1 |b  Palacios Vargas, Enrique José 
100 1 |c  Quintana Arancibia, Roger Antonio 
245 1 0 |a Desarrollo de un Sistema de Información web para la gestión de registro académico en el Colegio Mi Redentor, Managua 
260 |a Managua  |b UNI  |c 2016 
300 |a 129 p. :il. 
500 |a Contiene: anexos e Incluye: CD. 
502 |a Tesis (Ingeniero de Sistemas)- UNI, 2016. 
520 3 |a Este estudio detalla la viabilidad, el análisis y diseño del desarrollo de un sistema de información para la gestión de registro académico en el colegio Mi Redentor, con el cual se pretende contribuir a la mejora de la gestión académica de este centro, reduciendo los tiempos de trabajo en sus procesos. 
650 7 |a DISEÑO DE PÁGINA WEB-NICARAGUA 
650 7 |b LENGUAJE DE PROGRAMACIÓN PARA COMPUTADORES 
650 7 |c BASES DE DATOS 
650 7 |d SISTEMA WEB 
700 1 |a Tutor:  |b Herrera Treminio, Walger José 
942 |c BK  |2 ddc 
991 |a TESIS 
999 |c 15312